01168cam a22002531 4500001001300000003000400013005001700017008004100034010001700075035002000092040004400112042001200156050002500168082001400193110008100207245008900288260002400377300002200401490002500423500033600448500001900784810009400803999001700897sd 49000290 DLC20260227112735.0900917s1945 dcu 000 0 eng c asd 49000290  a(OCoLC)22392169 aU.S. Dept. of State LibrarycCSt-HdDLC apremarc00aUB250b.U33 no. 2806 a940.534361 aUnited States.bOffice of Strategic Services.bResearch and Analysis Branch.12aA civil affairs guide program for Austria and the applicability of the German guide. a[Washington]c1945. aiv, 11 p.c27 cm.1 aIts R & A,vno. 2806 a"This study seeks to determine, on the basis of the Moscow agreement and other considerations pertinent to Austria, which German civil affairs guides are applicable to Austria and which are inapplicable, the character and scope of the new guides required, and the basic policy issues which must be setled in preparing such guides." a"First draft."1 aUnited States.bDepartment of State.bOffice of Intelligence Research.tR & A ;vno.2806. c90004d90004